000 00413 a2200145 4500
999 _c6292
_d6292
020 _a9780582365902
050 _aTP 370 CUS 1999
100 _aCushing, Steve
_eauthor
245 _aDesign in the making :
_bFood technology /
_cSteve Cushing
264 _aEngland:
_bPearso Education,
_c1999
300 _a144p.:
_bill.(col.)
500 _aIncludes index
650 _aFood technology
942 _2lcc
_cBK
_h370
_iCUS
_kTP